Carson Mc. Cullers : The dialectics of genders in "The Ballad of the sad cafe"

Gespeichert in:
Bibliographische Detailangaben
1. Verfasser: Castro Cordero, Carmen María
Format: Buch
Sprache:Undetermined
Veröffentlicht: San José, Costa Rica Escuela de Lenguas Modernas, Universidad de Costa Rica 1986
Schlagworte:
Tags: Tag hinzufügen
Keine Tags, Fügen Sie den ersten Tag hinzu!

MARC

LEADER 00000nam a2200000Ia 4500
008 170316s9999 xx 000 0 und d
090 |a Tesis 348 
100 |a Castro Cordero, Carmen María 
245 |a Carson Mc. Cullers : The dialectics of genders in "The Ballad of the sad cafe" 
260 |a San José, Costa Rica 
260 |b Escuela de Lenguas Modernas, Universidad de Costa Rica 
260 |c 1986 
300 |a 113 páginas 
650 |a TRABAJO FINAL DE GRADUACIÓN 
650 |a LICENCIATURA EN LITERATURA INGLESA 
999 |c 29341  |d 29341 
040 |a cru BVZT 
942 |c 15 D  |h Tesis 348  |2 z